| 000 | 00717nam a2200229Ia 4500 | ||
|---|---|---|---|
| 003 | OSt | ||
| 005 | 20220925181347.0 | ||
| 006 | a|||||r|||| 00| 0 | ||
| 007 | ta | ||
| 008 | 220923b |||||||| |||| 00| 0 eng d | ||
| 037 | _cGeneral Book | ||
| 040 |
_aRTL _cRTL _beng |
||
| 041 |
_2eng _aeng |
||
| 082 | _aX:(G:55).1(X).P, P1 | ||
| 100 |
_aMotta Ronaldo Seroa Da Ed. _9253500 |
||
| 245 | 0 | _aEnvironmental economics and policy making in development | |
| 260 |
_aCheltenham _bEdward Elgar _c2001 |
||
| 300 |
_aix, 202p. _ccm. |
||
| 650 |
_aEnvironmental Economics-International _9251129 |
||
| 942 |
_hX:(G:55).1(X).P, P1 _cGB _2CC |
||
| 999 |
_c499027 _d499027 |
||